El arte de la ejecución en los negocios /
Contenido: I. ¿Por qué es necesaria la ejecución?: 1) La diferencia que nadie conoce; 2) La diferencia de la ejecución; II. Los elementos de la ejecución: 3) Primer elemento: las siete conductas esenciales de un líder; 4) Segundo elemento: la creación de un marco de referencia para el cambio cultura...
Сохранить в:
| Главный автор: | |
|---|---|
| Другие авторы: | , |
| Формат: | |
| Язык: | испанский |
| Опубликовано: |
México :
Debolsillo,
2018, c2018
|
| Серии: | (Best Seller Debolsillo) [s.n.]
|
| Предметы: | |
| Метки: |
Нет меток, Требуется 1-ая метка записи!
|
MARC
| LEADER | 00000nam^a2200000^a^4500 | ||
|---|---|---|---|
| 001 | 000410678 | ||
| 005 | 20250521000000.0 | ||
| 009 | 20260310122053.412 | ||
| 020 | |a 978-607-315-029-3 | ||
| 037 | |a Acervo ITESO - Biblioteca | ||
| 041 | |a ESP | ||
| 082 | |a 658. 4 |b BOS | ||
| 100 | |a Bossidy, Larry |e (autor) | ||
| 245 | 1 | 3 | |a El arte de la ejecución en los negocios / |c L. Bossidy, R. Charan ; tr. por F. Alvarez del Castillo. |
| 264 | 4 | |a México : |b Debolsillo, |c 2018, c2018 | |
| 300 | |a 324 p. | ||
| 336 | |a texto |b txt |2 rdacontenido | ||
| 337 | |a sin mediación |b n |2 rdamedio | ||
| 338 | |a volumen |b nc |2 rdasoporte | ||
| 440 | 1 | |a (Best Seller Debolsillo) [s.n.] | |
| 500 | |a Traducción de: Execution: The Discipline of Getting Things Done | ||
| 520 | |a Contenido: I. ¿Por qué es necesaria la ejecución?: 1) La diferencia que nadie conoce; 2) La diferencia de la ejecución; II. Los elementos de la ejecución: 3) Primer elemento: las siete conductas esenciales de un líder; 4) Segundo elemento: la creación de un marco de referencia para el cambio cultural; 5) Tercer elemento: el trabajo que ningún líder debe delegar –tener personas adecuadas en los lugares adecuados; III. Los tres procesos básicos de la ejecución: 6) El proceso del personal: creando el vínculo con el personal y las operaciones; 8) Cómo conducir una revisión de estrategia; 9) El proceso de las operaciones: creando el vínculo con la estrategia y el personal. Conclusión: carta a un nuevo líder. | ||
| 521 | |a EEnlace Centro Universidad Empresa 2019 | ||
| 649 | |a XX | ||
| 650 | |a Gerentes y Jefes | ||
| 650 | |a Exito Administrativo | ||
| 650 | |a Liderazgo - |x Tema Principal | ||
| 650 | |a Motivación Laboral - |x Tema Principal | ||
| 650 | |a Cambio y Desarrollo Organizacional | ||
| 650 | |a Cultura Organizacional | ||
| 650 | |a Planeación Estratégica | ||
| 650 | |a Proceso Administrativo - |x Dirección - |x Tema Principal | ||
| 650 | |a Administración | ||
| 650 | |a Ciencias Administrativas | ||
| 700 | |a Charan, Ram |e (autor) | ||
| 700 | |a Alvarez del Castillo, Fernando |e (traducción) | ||
| 910 | |a Fondo General | ||
| 920 | |a Impresos - Libros | ||
| 930 | |a Colección General | ||
| 905 | |a 101 | ||
| 901 | |a 0500319248 |b IT1 |c ACC |i C164910 |u 20250521 | ||
| 902 | |a https://opac.biblio.iteso.mx/vufind/Record/000410678 | ||